Au bonheur des dames
Tallennettuna:
| Päätekijä: | |
|---|---|
| Aineistotyyppi: | Kirja |
| Kieli: | Undetermined |
| Julkaistu: |
París, Francia
Garnier-Flammarion
1971
|
| Aiheet: | |
| Tagit: |
Lisää tagi
Ei tageja, Lisää ensimmäinen tagi!
|
MARC
| LEADER | 00000nam a2200000Ia 4500 | ||
|---|---|---|---|
| 008 | 170316s9999 xx 000 0 und d | ||
| 040 | |a cru BVZT | ||
| 090 | |a 840 Z-1a | ||
| 100 | |a Zola, Emile | ||
| 245 | |a Au bonheur des dames | ||
| 260 | |a París, Francia | ||
| 260 | |b Garnier-Flammarion | ||
| 260 | |c 1971 | ||
| 300 | |a 442 páginas | ||
| 650 | |a LITERATURA FRANCESA | ||
| 999 | |c 8076 |d 8076 | ||
| 942 | |c 15 D |h 840 Z-1a |2 z | ||
